Random Languages Quiz - Statistics

General Stats
  • This quiz has been taken 34 times
  • The average score is 12 of 20
Answer Stats
Hint Answer % Correct
عربي Arabic
100%
català Catalan
100%
中国人 Chinese
100%
Hrvatski Croatian
100%
Nederlands Dutch
100%
eesti keel Estonian
100%
Français French
100%
ქართული Georgian
100%
Ελληνικά Greek
100%
ʻŌlelo Hawaiʻi Hawaiian
100%
Hmoob Hmong
100%
Magyar Hungarian
100%
Gaeilge Irish
100%
Italiano Italian
100%
日本 Japanese
100%
한국인 Korean
100%
Kurdî Kurdish
100%
македонски Macedonian
100%
Malti Maltese
100%
नेपाली Nepali
100%
norsk Norwegian
100%
ଓଡିଆ Odia
100%
پښتو Pashto
100%
فارسی Persian
100%
Polski Poland
100%
Português Portuguese
100%
Română Romanian
100%
Русский Russian
100%
Samoa Samoan
100%
Gàidhlig na h-Alba Scottish Gaelic
100%
slovenský Slovak
100%
Slovenščina Slovenian
100%
Español Spanish
100%
basa Sunda Sundanese
100%
o'zbek Uzbek
100%
יידיש Yiddish
100%
latviski Latvian
80%
bahasa Indonesia Indonesian
75%
עִברִית Hebrew
67%
हिन्दी Hindi
67%
қазақ Kazakh
67%
Latinus Latin
67%
lëtzebuergesch Luxembourgish
67%
Монгол Mongolian
67%
беларускі Belarusian
50%
čeština Czech
50%
dansk Danish
50%
Deutsch German
50%
lietuvių Lithuanian
50%
Melayu Malay
50%
Српски Serbian
50%
kiswahili Swahili
50%
тоҷикӣ Tajik
50%
தமிழ் Tamil
50%
ไทย Thai
50%
Türkmenler Turkmen
50%
Tiếng Việt Vietnamese
50%
isiXhosa Xhosa
50%
bosanski Bosnian
40%
বাংলা Bangla
33%
Suomalainen Finnish
33%
íslenskur Icelandic
33%
සිංහල Sinhala
33%
ئۇيغۇر Uyghur
25%
shqiptarer Albanian
0%
አማርኛ Amharic
0%
հայերեն Armenian
0%
Azərbaycan Azerbaijan
0%
euskara Basque
0%
български Bulgarian
0%
မြန်မာ Burmese
0%
Corsu Corscian
0%
galego Galician
0%
ગુજરાતી Gujarati
0%
Kreyòl ayisyen Haitian Creole
0%
basa jawa Javanese
0%
ಕನ್ನಡ Kennada
0%
ខ្មែរ Khmer
0%
Кыргызча Kyrgyz
0%
ພາສາລາວ Lao
0%
मराठी Marathi
0%
മലയാളം Mlayalam
0%
ਪੰਜਾਬੀ Punjabi
0%
سنڌي Sindhi
0%
Soomaali Somali
0%
svenska Svenska
0%
Тамил Tamil
0%
తెలుగు Tegulu
0%
Türk Turkish
0%
українська Ukranian
0%
اردو Urdu
0%
Cymraeg Welsh
0%
Westerfrysk Western Frisian
0%
Xulu Zulu
0%
No matching quizzes found
Score Distribution
Percent of People with Each Score
Percentile by Number Answered
Your Score History
You have not taken this quiz